00645nam a2200229 a 4500001001300000003000900013005001700022008004100039020000900080082001700089100001600106245004000122260003000162300000900192500003500201505001000236650002100246902000800267942000700275952011600282999001700398nice12345678IN_TiNIC20260116014424.0050524s0000 dela grp 000 0 eng  ac8000a297.4bGHA16 aGhazali, Al aInner Dimensions of Islamic Worship aDelhibMuslim Mediac0000 a142p aincludes index and biblioraphy2 aNotes aSufism-Alghazali bSRC cBK 001040708StackRoom-aHMIbHMId2014-02-27g80.00l0o297.4 GHA16p020155r2014-02-27v80.00w2005-05-24yBK c15221d15221